Statistics for Capital of Brazilian States

Click here to take the quiz!

General Stats

  • This quiz has been taken 34 times
  • The average score is 19 of 27

Answer Stats

RegionStateCapital% Correct
NorthAmazonasManaus
100%
Central-WestFederal DistrictBrasília
96%
SoutheastRio de JaneiroRio de Janeiro
96%
SoutheastSão PauloSão Paulo
96%
NorthParáBelém
91%
SouthRio Grande do SulPorto Alegre
91%
NortheastPernambucoRecife
91%
SoutheastMinas GeraisBelo Horizonte
87%
NortheastCearáFortaleza
87%
NortheastBahiaSalvador
87%
SouthParanáCuritiba
83%
NortheastRio Grande do NorteNatal
74%
Central-WestGoiásGoiânia
70%
NortheastMaranhãoSão Luís
70%
SouthSanta CatarinaFlorianópolis
65%
Central-WestMato GrossoCuiabá
61%
NortheastParaíbaJoão Pessoa
61%
SoutheastEspírito SantoVitória
61%
Central-WestMao Grosso do SulCampo Grande
57%
NorthRondôniaPorto Velho
57%
NorthAcreRio Branco
57%
NortheastPiauíTeresina
57%
NorthAmapáMacapá
52%
NortheastAlagoasMaceió
52%
NorthTocantinsPalmas
52%
NortheastSergipeAracaju
48%
NorthRoraimaBoa Vista
43%

Score Distribution

Percentile by Number Answered

Percent of People with Each Score

Your Score History

You have not taken this quiz